000 00260nam a22001217a 4500
020 _a0-7214-1918-6
082 _a823
_bSTI/T
100 _aSTIMSON, PETER
245 _aTELEPHONE TED
260 _aUK
_bLADY BIRD
650 _aENGLISH SHORT STORY
_zUK
942 _cBK
999 _c2402
_d2402